[Event "SR 2. liga A 2010/2011"]
[Site "?"]
[Date "2010.12.04"]
[Round "15.8"]
[White "Kuna, Vladimir"]
[Black "Sustak, Roman"]
[Result "0-1"]
[WhiteElo "2051"]
[BlackElo "1966"]
[PlyCount "120"]
[EventDate "2010.??.??"]
[WhiteTeam "Slovakia"]
[BlackTeam "II"]
[WhiteTeamCountry "SVK"]
[BlackTeamCountry "SVK"]

1. d4 Nf6 2. Nf3 e6 3. Bg5 Be7 4. c4 d5 5. Nc3 Nbd7 6. e3 O-O 7. Rc1 c6 8. Bd3
h6 9. Bh4 dxc4 10. Bxc4 Nb6 11. Bd3 Nbd5 12. O-O Nxc3 13. bxc3 c5 14. Bb1 Nd5
15. Qc2 g6 16. Bxe7 Nxe7 17. Ne5 Qe8 18. h4 Kg7 19. h5 Bd7 20. hxg6 Nxg6 21. f4
Rc8 22. Rf3 Rg8 23. Rg3 Kf6 24. Ng4+ Ke7 25. Nxh6 Rg7 26. Nxf7 Ba4 27. Qe4 Bc6
28. d5 Bxd5 29. Qc2 Qxf7 30. Rxg6 Rcg8 31. Rxg7 Rxg7 32. e4 Qxf4 33. Re1 Qg3
34. Qf2 Qxf2+ 35. Kxf2 Bc6 36. Kf3 Kf6 37. Rh1 Rg5 38. Rh4 Ke5 39. g4 a5 40.
Rh5 Kf6 41. Rh6+ Ke5 42. Bc2 b5 43. Rh7 b4 44. cxb4 axb4 45. Rh5 Rxh5 46. gxh5
Kf6 47. h6 e5 48. h7 Kg7 49. Kg4 Bd7+ 50. Kg5 Be6 51. Bb1 c4 52. h8=Q+ Kxh8 53.
Kf6 Bg8 54. Kxe5 c3 55. Kd4 Bxa2 56. Bc2 Kg7 57. e5 Be6 58. Be4 Kh6 59. Kd3 Kg5
60. Kd4 Bf5 0-1

[Event "SR 2. liga A 2010/2011"]
[Site "?"]
[Date "2010.12.04"]
[Round "16.1"]
[White "Petreje, Juraj"]
[Black "Kovac, Andrej"]
[Result "0-1"]
[WhiteElo "2228"]
[BlackElo "2132"]
[PlyCount "116"]
[EventDate "2010.??.??"]
[WhiteTeam "Slovakia"]
[BlackTeam "II"]
[WhiteTeamCountry "SVK"]
[BlackTeamCountry "SVK"]

1. Nf3 Nf6 2. g3 d5 3. Bg2 c6 4. O-O Bg4 5. Ne5 Bh5 6. c4 Nbd7 7. Nxd7 Qxd7 8.
Re1 e6 9. Qb3 Be7 10. d3 O-O 11. e4 dxe4 12. dxe4 e5 13. Nc3 Bc5 14. h3 h6 15.
Be3 Bxe3 16. Rxe3 Rad8 17. g4 Bg6 18. Rd1 Qc7 19. Ne2 Qb6 20. Rxd8 Rxd8 21. Qc2
Qb4 22. Rc3 Qd6 23. Ng3 Qd1+ 24. Kh2 Qe1 25. Re3 Rd2 26. Rxe1 Rxc2 27. Re2 Rxe2
28. Nxe2 Nxe4 29. Bxe4 Bxe4 30. c5 Kf8 31. Nc3 Bd5 32. Kg3 Ke7 33. f4 exf4+ 34.
Kxf4 g5+ 35. Kf5 Bg2 36. b4 Bxh3 37. Ne4 h5 38. Kxg5 Bxg4 39. Nd6 b6 40. cxb6
axb6 41. Nc4 b5 42. Na5 f6+ 43. Kg6 Bf3 44. Kf5 h4 45. Kf4 Bg2 46. Nb3 h3 47.
Kg3 Ke6 48. Nc5+ Kd5 49. Nd7 f5 50. a3 f4+ 51. Kf2 f3 52. Kg3 Ke4 53. Nf6+ Ke3
54. Ng4+ Ke2 55. Nf2 h2 56. Kxh2 Kxf2 57. a4 Ke2 58. a5 f2 0-1

[Event "SR 2. liga A 2010/2011"]
[Site "?"]
[Date "2010.12.04"]
[Round "16.2"]
[White "Hrivnak, Martin"]
[Black "Bronis, Marian"]
[Result "0-1"]
[WhiteElo "2143"]
[BlackElo "2136"]
[PlyCount "118"]
[EventDate "2010.??.??"]
[WhiteTeam "Slovakia"]
[BlackTeam "II"]
[WhiteTeamCountry "SVK"]
[BlackTeamCountry "SVK"]

1. Nf3 g6 2. d4 Bg7 3. e4 d6 4. Bc4 c5 5. O-O cxd4 6. Nxd4 Nc6 7. Nxc6 bxc6 8.
Nc3 Qb6 9. Be3 Qb4 10. Qd3 Nf6 11. h3 O-O 12. a4 Nd7 13. Na2 Qxa4 14. Nc3 Qb4
15. Ra4 Qxb2 16. Nd1 Qb7 17. f4 Nb6 18. Rb4 Qc7 19. Ba2 c5 20. Rb1 a5 21. Qb5
Nd7 22. Qa4 Bb7 23. Nf2 Bc6 24. Qa3 Rab8 25. Rxb8 Rxb8 26. f5 Bb2 27. Bxf7+
Kxf7 28. fxg6+ hxg6 29. Ng4+ Nf6 30. Qa2+ Ke8 31. Rb1 Nxg4 32. hxg4 Bxe4 33.
Rxb2 Rxb2 34. Qxb2 e5 35. Qa2 c4 36. Qa4+ Qc6 37. Qxa5 Bxc2 38. Bg5 Qd7 39.
Qa8+ Kf7 40. Qh8 Ke6 41. Qg8+ Qf7 42. Qc8+ Kd5 43. Qa8+ Kd4 44. Bh4 e4 45. Qc6
Qe6 46. Qb6+ Kd3 47. Qf2 Qxg4 48. Bf6 e3 49. Qf1+ Kd2 50. Kh2 Be4 51. Bc3+ Kxc3
52. Qe1+ Kd4 53. Qa1+ Kd5 54. Qa8+ Kd4 55. Qa1+ c3 56. Qa4+ Kd5 57. Qb3+ Kd4
58. Qb6+ Kd3 59. Qb1+ Kd2 0-1

[Event "SR 2. liga A 2010/2011"]
[Site "?"]
[Date "2010.12.04"]
[Round "16.3"]
[White "Biro, Karol"]
[Black "Kralovic, Andrej"]
[Result "1-0"]
[WhiteElo "2132"]
[BlackElo "2166"]
[PlyCount "85"]
[EventDate "2010.??.??"]
[WhiteTeam "Slovakia"]
[BlackTeam "II"]
[WhiteTeamCountry "SVK"]
[BlackTeamCountry "SVK"]

1. Nf3 c5 2. e4 e6 3. Nc3 Nc6 4. Bb5 Nge7 5. O-O a6 6. Bxc6 Nxc6 7. d3 Be7 8.
Ne2 O-O 9. Ng3 d6 10. c3 Re8 11. d4 cxd4 12. cxd4 d5 13. e5 Bd7 14. b3 Rc8 15.
Qd2 Nb4 16. Qf4 Bb5 17. Rd1 Bd3 18. Qg4 Bg6 19. Bd2 Nc2 20. Rab1 Nb4 21. h4
Nxa2 22. Rb2 Rc2 23. Rxc2 Bxc2 24. Ra1 Nb4 25. h5 Kh8 26. Rc1 Bd3 27. h6 g6 28.
Bg5 Bf5 29. Qh4 Nc6 30. Rc3 Kg8 31. Qf4 Bxg5 32. Nxg5 f6 33. Nf3 Qa5 34. Rxc6
bxc6 35. exf6 Qd8 36. Qe5 Rf8 37. Ng5 Qxf6 38. Qc7 Rf7 39. Nxf7 Qxf7 40. Qxc6
Qf6 41. Nxf5 gxf5 42. Qe8+ Qf8 43. Qxe6+ 1-0

[Event "SR 2. liga A 2010/2011"]
[Site "?"]
[Date "2010.12.04"]
[Round "16.4"]
[White "Grich, Juraj"]
[Black "Mandak, Miroslav"]
[Result "1-0"]
[WhiteElo "2027"]
[BlackElo "2069"]
[PlyCount "109"]
[EventDate "2010.??.??"]
[WhiteTeam "Slovakia"]
[BlackTeam "II"]
[WhiteTeamCountry "SVK"]
[BlackTeamCountry "SVK"]

1. d4 Nf6 2. Nc3 d5 3. Bg5 e6 4. e4 dxe4 5. Nxe4 Be7 6. Bxf6 gxf6 7. Nf3 b6 8.
Bd3 Bb7 9. Qe2 Nd7 10. O-O-O c6 11. Kb1 Qc7 12. Rhe1 O-O-O 13. g3 h6 14. Ng1 f5
15. Nd2 Bf6 16. Nb3 Nf8 17. Nf3 Nd7 18. Ne5 Nxe5 19. dxe5 Bg7 20. Nd2 Rhe8 21.
Nc4 Bf8 22. f4 Kb8 23. Ne3 Bg7 24. Nc4 Bf8 25. Ne3 c5 26. Bb5 Bc6 27. a4 Kc8
28. Ba6+ Kb8 29. Bb5 Kc8 30. a5 Rxd1+ 31. Rxd1 Rd8 32. Rxd8+ Kxd8 33. a6 Kc8
34. Nd1 Qd7 35. Nc3 Kb8 36. Bxc6 Qxc6 37. Qb5 Kc7 38. Ka2 Be7 39. Kb3 c4+ 40.
Qxc4 Bc5 41. Qd3 Be7 42. Nb5+ Kb8 43. c4 Qc5 44. Qd7 Qb4+ 45. Kc2 Qxc4+ 46. Nc3
Qc7 47. Qxc7+ Kxc7 48. Nb5+ Kb8 49. Kd3 Bc5 50. Ke2 h5 51. h3 Be7 52. Kf3 f6
53. Nd4 Bc5 54. Nxe6 Be7 55. Nd4 1-0

[Event "SR 2. liga A 2010/2011"]
[Site "?"]
[Date "2010.12.04"]
[Round "16.5"]
[White "Kebis, Milos"]
[Black "Sebo, Viktor"]
[Result "1-0"]
[WhiteElo "1994"]
[BlackElo "1903"]
[PlyCount "85"]
[EventDate "2010.??.??"]
[WhiteTeam "Slovakia"]
[BlackTeam "II"]
[WhiteTeamCountry "SVK"]
[BlackTeamCountry "SVK"]

1. Nf3 Nf6 2. c4 Nc6 3. d4 d5 4. Nc3 g6 5. Bg5 dxc4 6. e3 Bg7 7. Bxc4 Bf5 8.
O-O Ne4 9. Bf4 e6 10. Rc1 O-O 11. h3 Re8 12. Bb5 Nxc3 13. Rxc3 Be4 14. Nd2 Bxg2
15. Kxg2 Qd5+ 16. Qf3 Qxb5 17. Rb3 Qa5 18. Rxb7 Qxd2 19. Qxc6 e5 20. Qxc7 Rf8
21. dxe5 Qd5+ 22. f3 g5 23. Bxg5 Rac8 24. Qd7 Qxe5 25. Bf4 Qf6 26. Rf2 h5 27.
Qe7 Qc6 28. Rc7 Qg6+ 29. Kh2 Bf6 30. Qe4 Qxe4 31. fxe4 Rxc7 32. Bxc7 Kg7 33.
Kg2 Rc8 34. Bd6 Rc6 35. e5 Bh4 36. Re2 Kg6 37. Kf3 f6 38. Bb8 fxe5 39. Bxe5 Kf5
40. Bc3 Rg6 41. e4+ Ke6 42. Rg2 Rh6 43. Rg7 1-0

[Event "SR 2. liga A 2010/2011"]
[Site "?"]
[Date "2010.12.04"]
[Round "16.6"]
[White "Chovanec, Vladimir"]
[Black "Povysil, Peter"]
[Result "1/2-1/2"]
[WhiteElo "2082"]
[BlackElo "2012"]
[PlyCount "38"]
[EventDate "2010.??.??"]
[WhiteTeam "Slovakia"]
[BlackTeam "II"]
[WhiteTeamCountry "SVK"]
[BlackTeamCountry "SVK"]

1. e4 e6 2. d3 c5 3. Nf3 Nc6 4. g3 d6 5. Bg2 Be7 6. O-O h5 7. h4 Nh6 8. c3 e5
9. Re1 Bg4 10. Qb3 Qd7 11. a4 Bxf3 12. Bxf3 Ng4 13. Na3 g5 14. Bxg5 Bxg5 15.
hxg5 h4 16. Bxg4 Qxg4 17. Qxb7 hxg3 18. Qxc6+ Ke7 19. Qb7+ Ke6 1/2-1/2

[Event "SR 2. liga A 2010/2011"]
[Site "?"]
[Date "2010.12.04"]
[Round "16.7"]
[White "Nepras, Martin"]
[Black "Koutny, Pavel"]
[Result "1/2-1/2"]
[WhiteElo "2008"]
[BlackElo "1834"]
[PlyCount "40"]
[EventDate "2010.??.??"]
[WhiteTeam "Slovakia"]
[BlackTeam "II"]
[WhiteTeamCountry "SVK"]
[BlackTeamCountry "SVK"]

1. d4 Nf6 2. c4 c5 3. d5 e6 4. dxe6 fxe6 5. Nf3 Be7 6. Nc3 d5 7. e3 O-O 8. Be2
Nc6 9. O-O d4 10. exd4 cxd4 11. Na4 e5 12. Re1 e4 13. Nd2 Qe8 14. Bf1 Qg6 15.
Nb3 Ng4 16. Nxd4 Nxf2 17. Qd2 Bb4 18. Nxc6 bxc6 19. Qxb4 Nh3+ 20. Kh1 Nf2+
1/2-1/2

[Event "SR 2. liga A 2010/2011"]
[Site "?"]
[Date "2010.12.04"]
[Round "16.8"]
[White "Bedac, Jozef"]
[Black "Kohlman, Robert"]
[Result "1/2-1/2"]
[WhiteElo "1706"]
[BlackElo "2193"]
[PlyCount "33"]
[EventDate "2010.??.??"]
[WhiteTeam "Slovakia"]
[BlackTeam "II"]
[WhiteTeamCountry "SVK"]
[BlackTeamCountry "SVK"]

1. e4 c5 2. Nf3 Nc6 3. d4 cxd4 4. Nxd4 g6 5. Nc3 Bg7 6. Be3 Nf6 7. f3 d5 8. Bb5
Bd7 9. exd5 Nb4 10. d6 exd6 11. Bxd7+ Qxd7 12. Ndb5 O-O 13. a3 Qe6 14. Kf2 Nbd5
15. Re1 Nxc3 16. bxc3 Nd5 17. Bh6 1/2-1/2

[Event "SR 2. liga A 2010/2011"]
[Site "?"]
[Date "2010.12.04"]
[Round "17.1"]
[White "Kundrik, Peter"]
[Black "Schwarz, Dusan"]
[Result "1/2-1/2"]
[WhiteElo "2226"]
[BlackElo "2294"]
[PlyCount "95"]
[EventDate "2010.??.??"]
[WhiteTeam "Slovakia"]
[BlackTeam "II"]
[WhiteTeamCountry "SVK"]
[BlackTeamCountry "SVK"]

1. e4 c5 2. Nf3 e6 3. g3 Nf6 4. d3 d5 5. e5 Nfd7 6. Bg2 Nc6 7. Bf4 Be7 8. h4 b5
9. Nbd2 Qc7 10. c3 Ndxe5 11. Nxe5 Nxe5 12. Qe2 Bd6 13. Bxe5 Bxe5 14. f4 Bf6 15.
Bxd5 Bb7 16. Bxb7 Qxb7 17. Ne4 Be7 18. f5 O-O 19. O-O exf5 20. Rxf5 g6 21. Rf6
Qc7 22. Rf3 f5 23. Nd2 Bd6 24. Kg2 Qc6 25. Re1 Rae8 26. Qf2 a6 27. Kh2 h5 28.
Rxe8 Rxe8 29. Re3 Kf7 30. Nf3 Kf6 31. Ng5 Re7 32. Rxe7 Bxe7 33. b3 Kg7 34. Nf3
Bf6 35. Qe3 Qd6 36. d4 cxd4 37. cxd4 Kf7 38. Ne5+ Bxe5 39. dxe5 Qc6 40. Qh6
Qc2+ 41. Kh3 Qxa2 42. Qh8 Qb1 43. Qf6+ Kg8 44. Qxg6+ Kf8 45. Qf6+ Kg8 46. Qe6+
Kf8 47. Qc8+ Kg7 48. Qd7+ 1/2-1/2

[Event "SR 2. liga A 2010/2011"]
[Site "?"]
[Date "2010.12.04"]
[Round "17.2"]
[White "Janos, Martin"]
[Black "Mihalik, Marek"]
[Result "1-0"]
[WhiteElo "2250"]
[BlackElo "2080"]
[PlyCount "103"]
[EventDate "2010.??.??"]
[WhiteTeam "Slovakia"]
[BlackTeam "II"]
[WhiteTeamCountry "SVK"]
[BlackTeamCountry "SVK"]

1. e4 c5 2. Nf3 d6 3. d4 cxd4 4. Nxd4 Nf6 5. Nc3 a6 6. Be2 e5 7. Nf3 Be7 8. O-O
O-O 9. Bc4 Qc7 10. Nd5 Nxd5 11. Bxd5 Nc6 12. c3 Nd8 13. a4 Bg4 14. h3 Be6 15.
a5 Bxd5 16. Qxd5 Ne6 17. Re1 Qc6 18. Qd3 Nc5 19. Qc2 Qb5 20. c4 Qb3 21. Qe2 Qd3
22. Qxd3 Nxd3 23. Rd1 Nxc1 24. Raxc1 f5 25. Rc3 fxe4 26. Nd2 d5 27. cxd5 Bb4
28. Rb3 Bxa5 29. Nc4 Bd8 30. Rxb7 Bf6 31. Re1 Rab8 32. Rxb8 Rxb8 33. Rxe4 Rb5
34. d6 Rd5 35. Kf1 Rd4 36. Rxd4 exd4 37. Ke2 Kf7 38. Kd3 Ke6 39. Ke4 h5 40. f4
a5 41. b3 h4 42. Nxa5 Kxd6 43. b4 g5 44. fxg5 Bxg5 45. Kxd4 Bf6+ 46. Kd3 Kd5
47. Nc4 Be7 48. b5 Bd8 49. b6 Kc6 50. Ke4 Kb5 51. Kd5 Ka6 52. Kc6 1-0

[Event "SR 2. liga A 2010/2011"]
[Site "?"]
[Date "2010.12.04"]
[Round "17.3"]
[White "Benovic, Marek"]
[Black "Janos, Jozef"]
[Result "0-1"]
[WhiteElo "1988"]
[BlackElo "2196"]
[PlyCount "66"]
[EventDate "2010.??.??"]
[WhiteTeam "Slovakia"]
[BlackTeam "II"]
[WhiteTeamCountry "SVK"]
[BlackTeamCountry "SVK"]

1. e4 c5 2. Nf3 e6 3. d4 cxd4 4. Nxd4 a6 5. Be3 Nf6 6. Nd2 Nc6 7. c3 d5 8. Qc2
Be7 9. Be2 O-O 10. O-O-O e5 11. Nxc6 bxc6 12. f3 Be6 13. Nb3 Nd7 14. f4 exf4
15. Bxf4 Bg5 16. Qd2 Bxf4 17. Qxf4 Qb6 18. Nd4 Rab8 19. b3 Nc5 20. exd5 cxd5
21. Bd3 Qa5 22. Qd2 Nxd3+ 23. Qxd3 Qxa2 24. Qc2 Qa3+ 25. Qb2 Qd6 26. Qd2 Bg4
27. Rdf1 Bh5 28. b4 Rfc8 29. Kb2 a5 30. b5 Qc5 31. Ra1 Rxb5+ 32. Nxb5 Qxb5+ 33.
Kc1 Qb3 0-1

[Event "SR 2. liga A 2010/2011"]
[Site "?"]
[Date "2010.12.04"]
[Round "17.4"]
[White "Novak, Ivan"]
[Black "Stepanovic, Branislav"]
[Result "1/2-1/2"]
[WhiteElo "2233"]
[BlackElo "2011"]
[PlyCount "156"]
[EventDate "2010.??.??"]
[WhiteTeam "Slovakia"]
[BlackTeam "II"]
[WhiteTeamCountry "SVK"]
[BlackTeamCountry "SVK"]

1. e4 c5 2. c3 d5 3. exd5 Qxd5 4. d4 Nf6 5. Nf3 Bg4 6. dxc5 Qxc5 7. Na3 Nc6 8.
Be3 Qd5 9. Nb5 Bxf3 10. gxf3 Qd8 11. Qxd8+ Kxd8 12. Bg2 Kc8 13. Rd1 e6 14. O-O
Be7 15. Bf4 Nd5 16. Bd6 a6 17. Bxe7 axb5 18. Ba3 Nxc3 19. bxc3 Rxa3 20. Rb1
Rxa2 21. Rxb5 Rd8 22. f4 Rdd2 23. f5 exf5 24. Rxf5 f6 25. c4 Rd4 26. Bxc6 bxc6
27. Re1 Rxc4 28. Re7 Rg4+ 29. Kf1 Kd8 30. Rb7 Ra1+ 31. Ke2 Re4+ 32. Kf3 Re7 33.
Rb8+ Kc7 34. Rg8 Ra3+ 35. Kg2 Kd6 36. h4 Ke6 37. Rf4 Rc7 38. Rb8 Ke7 39. Rg8
Kf7 40. Rd8 c5 41. Rc4 Ra5 42. Kg3 Ke7 43. Rd2 Rd7 44. Re2+ Kd6 45. Rc1 Ra3+
46. f3 Rd3 47. Re8 Rd5 48. Rce1 Kc6 49. Rc1 Rc7 50. Re4 Kd6 51. Kf4 Re7 52. Ra1
Rd4 53. Ke3 Rdxe4+ 54. fxe4 Rc7 55. Rd1+ Ke6 56. Ra1 c4 57. Ra6+ Ke7 58. Kd2
c3+ 59. Kc2 Kf7 60. h5 g6 61. hxg6+ hxg6 62. Rd6 Ke7 63. e5 fxe5 64. Rxg6 Rc5
65. Rh6 Kd7 66. Rg6 Rc6 67. Rxc6 Kxc6 68. Kxc3 Kd5 69. Kd3 e4+ 70. Ke3 Ke5 71.
Ke2 Kd5 72. Ke3 Ke5 73. Ke2 Kd4 74. Kd2 e3+ 75. Ke2 Ke4 76. Ke1 Kd3 77. Kd1 e2+
78. Ke1 Ke3 1/2-1/2

[Event "SR 2. liga A 2010/2011"]
[Site "?"]
[Date "2010.12.04"]
[Round "17.5"]
[White "Manak, Jozef"]
[Black "Kovacova, Zuzana"]
[Result "0-1"]
[WhiteElo "2032"]
[BlackElo "2129"]
[PlyCount "76"]
[EventDate "2010.??.??"]
[WhiteTeam "Slovakia"]
[BlackTeam "II"]
[WhiteTeamCountry "SVK"]
[BlackTeamCountry "SVK"]

1. e4 e5 2. Nc3 Nc6 3. g3 Nf6 4. Bg2 Bc5 5. Nge2 d6 6. O-O O-O 7. Na4 Bb6 8.
Nxb6 axb6 9. d3 d5 10. Bg5 dxe4 11. Bxe4 Bh3 12. Bg2 Bxg2 13. Kxg2 h6 14. Bxf6
Qxf6 15. f4 exf4 16. c3 Ne5 17. Nxf4 Rad8 18. d4 Qc6+ 19. d5 Qc5 20. h4 Nc4 21.
Qf3 Ne3+ 22. Kh3 Nxf1 23. Rxf1 Rd6 24. Ne6 Rxe6 25. dxe6 fxe6 26. Qe2 Rxf1 27.
Qxf1 Qf5+ 28. Qxf5 exf5 29. Kg2 g5 30. Kf3 Kf7 31. a4 Ke6 32. Ke3 Ke5 33. b4
Kd5 34. Kd3 f4 35. c4+ Ke5 36. gxf4+ Kxf4 37. c5 bxc5 38. bxc5 c6 0-1

[Event "SR 2. liga A 2010/2011"]
[Site "?"]
[Date "2010.12.04"]
[Round "17.6"]
[White "Orolin, Peter"]
[Black "Manak, Adrian"]
[Result "0-1"]
[WhiteElo "2055"]
[BlackElo "1909"]
[PlyCount "100"]
[EventDate "2010.??.??"]
[WhiteTeam "Slovakia"]
[BlackTeam "II"]
[WhiteTeamCountry "SVK"]
[BlackTeamCountry "SVK"]

1. d4 d5 2. c4 c6 3. Nf3 Nf6 4. Nc3 dxc4 5. a4 Bf5 6. Ne5 Nbd7 7. Nxc4 Qc7 8.
f3 e5 9. e4 Bg6 10. Be3 exd4 11. Bxd4 O-O-O 12. Qc2 Bc5 13. Bxc5 Nxc5 14. Be2
Ne6 15. b4 Nd5 16. Qb2 Nxc3 17. Qxc3 f6 18. O-O Nf4 19. Rfe1 Bf7 20. Bf1 Bxc4
21. Bxc4 Qb6+ 22. Kh1 Qd4 23. Rac1 Qxc3 24. Rxc3 g5 25. g3 Ng6 26. b5 cxb5 27.
axb5 Kb8 28. Rec1 Rc8 29. Kg2 Rhe8 30. Kf2 Ne5 31. Be2 Rxc3 32. Rxc3 Rc8 33.
Rxc8+ Kxc8 34. Ke3 Kc7 35. Kd4 Kd6 36. f4 gxf4 37. gxf4 Ng6 38. f5 Ne5 39. h3
Nd7 40. Bc4 Nc5 41. Bg8 h6 42. Bd5 a5 43. bxa6 bxa6 44. Bg8 a5 45. Bf7 a4 46.
Bg8 Nb3+ 47. Kc4 Ke5 48. Kb4 Kxe4 49. Kxa4 Nd4 50. Kb4 Kxf5 0-1

[Event "SR 2. liga A 2010/2011"]
[Site "?"]
[Date "2010.12.04"]
[Round "17.7"]
[White "Nemsak, Denis"]
[Black "Slovik, Vojtech"]
[Result "1/2-1/2"]
[WhiteElo "1791"]
[BlackElo "1854"]
[PlyCount "94"]
[EventDate "2010.??.??"]
[WhiteTeam "Slovakia"]
[BlackTeam "II"]
[WhiteTeamCountry "SVK"]
[BlackTeamCountry "SVK"]

1. c4 Nf6 2. Nc3 d5 3. cxd5 Nxd5 4. Nf3 Nc6 5. g3 g6 6. d3 Bg7 7. Bd2 O-O 8.
Bg2 Be6 9. O-O Qd7 10. a3 Nd4 11. Nxd4 Bxd4 12. Rc1 c6 13. b4 Bh3 14. Qb3 Bxg2
15. Kxg2 Nxc3 16. Bxc3 Rac8 17. Rc2 Rc7 18. Rfc1 Rfc8 19. e3 Bxc3 20. Rxc3 e5
21. Rc5 Qd6 22. Qc3 Rd8 23. Rd1 f6 24. b5 Rdc8 25. Rc1 Rd8 26. bxc6 Qxd3 27.
Qxd3 Rxd3 28. cxb7 Rxb7 29. Rc8+ Kf7 30. R8c7+ Rd7 31. Rxd7+ Rxd7 32. Rc4 Ke6
33. Kf3 f5 34. g4 Kd5 35. Rb4 Kc5 36. Kg3 a5 37. Rb8 Rd3 38. a4 fxg4 39. Rb5+
Kd6 40. Kxg4 Rd2 41. f4 exf4 42. exf4 Rd5 43. Rxd5+ Kxd5 44. Kg5 Ke4 45. h4 Kd5
46. Kh6 Ke6 47. Kxh7 Kf7 1/2-1/2

[Event "SR 2. liga A 2010/2011"]
[Site "?"]
[Date "2010.12.04"]
[Round "17.8"]
[White "Nagy, Edmund"]
[Black "Mihalik, Anton"]
[Result "1/2-1/2"]
[WhiteElo "1939"]
[BlackElo "1919"]
[PlyCount "149"]
[EventDate "2010.??.??"]
[WhiteTeam "Slovakia"]
[BlackTeam "II"]
[WhiteTeamCountry "SVK"]
[BlackTeamCountry "SVK"]

1. d4 d5 2. c4 e6 3. Nf3 Nf6 4. e3 Be7 5. Bd3 Nbd7 6. O-O O-O 7. Nc3 a6 8. e4
dxe4 9. Nxe4 Nxe4 10. Bxe4 Nf6 11. Bc2 c5 12. dxc5 Qxd1 13. Rxd1 Bxc5 14. Bg5
Be7 15. Rd2 Rd8 16. Rxd8+ Bxd8 17. Rd1 Be7 18. a3 h6 19. Bh4 g5 20. Bg3 Bd7 21.
Ne5 Be8 22. b4 a5 23. c5 axb4 24. axb4 Nd5 25. Nd3 Bb5 26. h3 Bxd3 27. Bxd3
Nxb4 28. Be4 Bxc5 29. Bxb7 Re8 30. Rc1 Bf8 31. h4 Kg7 32. hxg5 hxg5 33. Rc4 f6
34. Be4 f5 35. Be5+ Kg6 36. Bf3 Nd3 37. Bc3 Bg7 38. Bd2 Ne5 39. Rc5 Nxf3+ 40.
gxf3 Rd8 41. Be3 Bb2 42. Rc6 Kf6 43. Bb6 Rd1+ 44. Kg2 Be5 45. Rc8 Rd7 46. Rf8+
Kg6 47. Rg8+ Rg7 48. Re8 Kf7 49. Rd8 Bf6 50. Rd7+ Kg6 51. Rd6 Re7 52. Bd8 Re8
53. Bb6 Kh5 54. Be3 f4 55. Bb6 Kg6 56. Rc6 Kf5 57. Rc5+ e5 58. Rd5 g4 59. Rd6
gxf3+ 60. Kxf3 e4+ 61. Ke2 Ra8 62. Rd5+ Kg4 63. Ra5 Rb8 64. Ra6 Bg5 65. Ke1 Rc8
66. Ra1 Rh8 67. Ra4 Rh1+ 68. Kd2 f3+ 69. Kc2 Rc1+ 70. Kb2 Re1 71. Kc2 Bh4 72.
Be3 Re2+ 73. Kd1 Bxf2 74. Rxe4+ Kg3 75. Bf4+ 1/2-1/2

[Event "SR 2. liga A 2010/2011"]
[Site "?"]
[Date "2010.12.04"]
[Round "18.1"]
[White "Likavsky, Tomas"]
[Black "Petrik, Stanislav"]
[Result "1-0"]
[WhiteElo "2459"]
[BlackElo "2187"]
[PlyCount "75"]
[EventDate "2010.??.??"]
[WhiteTeam "Slovakia"]
[BlackTeam "II"]
[WhiteTeamCountry "SVK"]
[BlackTeamCountry "SVK"]

1. d4 Nf6 2. c4 e6 3. g3 Bb4+ 4. Bd2 Bxd2+ 5. Qxd2 b5 6. Bg2 c6 7. cxb5 Qb6 8.
Nc3 Bb7 9. Nf3 cxb5 10. Qg5 O-O 11. Qxb5 Nc6 12. Qxb6 axb6 13. Ne5 d5 14. Nxc6
Bxc6 15. Kd2 Ra5 16. Rhc1 Rfa8 17. a3 Bd7 18. e3 h5 19. h4 g6 20. Bf1 Ne8 21.
Na2 Nd6 22. Nb4 b5 23. Rc7 Be8 24. Bd3 Nc4+ 25. Kc3 R5a7 26. Rxa7 Rxa7 27. b3
Nb6 28. Kb2 Rc7 29. Na6 Ra7 30. Nb4 Rc7 31. Rc1 Rxc1 32. Kxc1 Nc8 33. Na6 Bc6
34. Kb2 Kf8 35. Kc3 Ke7 36. Kb4 Nd6 37. Kc5 Bd7 38. Nc7 1-0

[Event "SR 2. liga A 2010/2011"]
[Site "?"]
[Date "2010.12.04"]
[Round "18.2"]
[White "Petrik, Karol"]
[Black "Arendas, Marek"]
[Result "0-1"]
[WhiteElo "2075"]
[BlackElo "2089"]
[PlyCount "76"]
[EventDate "2010.??.??"]
[WhiteTeam "Slovakia"]
[BlackTeam "II"]
[WhiteTeamCountry "SVK"]
[BlackTeamCountry "SVK"]

1. e4 c6 2. c4 d5 3. exd5 cxd5 4. cxd5 Nf6 5. Nc3 Nxd5 6. Bc4 Nxc3 7. Qb3 e6 8.
dxc3 Nc6 9. Nf3 Be7 10. O-O O-O 11. Qc2 Qc7 12. Be3 b6 13. Bd3 h6 14. Qa4 Bd7
15. Bf4 Bd6 16. Bxd6 Qxd6 17. Rad1 Qe7 18. Bb5 Rfc8 19. Rxd7 Qxd7 20. Ne5 Qc7
21. Bxc6 Qxe5 22. Bxa8 Rxa8 23. h4 b5 24. Qd1 Qf6 25. Qd3 Rd8 26. Qxb5 Qxh4 27.
Qe2 Rd5 28. g3 Qh3 29. Rd1 Rf5 30. Rd8+ Kh7 31. Qe4 Qh5 32. Kf1 Qg6 33. Qd3 h5
34. Rd4 e5 35. Rd6 f6 36. Rd8 e4 37. Qc4 Qxg3 38. Rh8+ Kg6 0-1

[Event "SR 2. liga A 2010/2011"]
[Site "?"]
[Date "2010.12.04"]
[Round "18.3"]
[White "Liptak, Dusan"]
[Black "Vespia, Gianmarco"]
[Result "0-1"]
[WhiteElo "2086"]
[BlackElo "2021"]
[PlyCount "70"]
[EventDate "2010.??.??"]
[WhiteTeam "Slovakia"]
[BlackTeam "II"]
[WhiteTeamCountry "SVK"]
[BlackTeamCountry "SVK"]

1. d4 c6 2. c4 d5 3. e3 Nf6 4. Nc3 e6 5. Nf3 Bd6 6. Bd3 Nbd7 7. O-O O-O 8. b3
e5 9. cxd5 cxd5 10. Nb5 Bb8 11. dxe5 Nxe5 12. Be2 a6 13. Nbd4 Qd6 14. a4 Re8
15. Ba3 Qb6 16. Rc1 Ne4 17. Qc2 Qh6 18. Rfd1 Nxf2 19. Kxf2 Ng4+ 20. Ke1 Nxe3
21. Qc3 Nxg2+ 22. Kf2 Bh3 23. Rc2 Bf4 24. Rd3 Rac8 25. Qxc8 Be3+ 26. Rxe3 Qxe3+
27. Kg3 Rxc8 28. Rxc8+ Bxc8 29. Kxg2 g5 30. Bb2 Bf5 31. Kf1 Bd3 32. Ng1 f5 33.
Bxd3 Qxd3+ 34. Nge2 f4 35. Kf2 g4 0-1

[Event "SR 2. liga A 2010/2011"]
[Site "?"]
[Date "2010.12.04"]
[Round "18.4"]
[White "Krajnak, Robert"]
[Black "Hertel, Ondrej"]
[Result "0-1"]
[WhiteElo "2083"]
[BlackElo "2072"]
[PlyCount "103"]
[EventDate "2010.??.??"]
[WhiteTeam "Slovakia"]
[BlackTeam "II"]
[WhiteTeamCountry "SVK"]
[BlackTeamCountry "SVK"]

1. c4 c6 2. Nf3 d5 3. e3 Nf6 4. Nc3 e6 5. b3 Nbd7 6. Be2 Be7 7. O-O O-O 8. Qc2
b6 9. Bb2 Bb7 10. Rac1 Rc8 11. Qb1 c5 12. cxd5 Nxd5 13. Nxd5 Bxd5 14. Bd3 h6
15. Ba6 Rc7 16. d4 Qa8 17. Ne1 Be4 18. Qa1 Bf6 19. f3 Bb7 20. Bb5 Rfc8 21. Bxd7
Rxd7 22. dxc5 Bxb2 23. Qxb2 Rxc5 24. Rxc5 bxc5 25. Qc2 Ba6 26. Qxc5 Bxf1 27.
Kxf1 Qd5 28. Qxd5 Rxd5 29. Ke2 Kf8 30. Nd3 Ke7 31. Nb4 Rd6 32. h4 h5 33. Nd3
Ra6 34. a4 Kd6 35. Kd2 e5 36. Nb4 Rb6 37. Kc3 f6 38. Nd3 g5 39. g3 gxh4 40.
gxh4 Rb8 41. b4 Rg8 42. Kc4 Rg3 43. Kb5 Rxf3 44. Ka6 Rxe3 45. Nc5 f5 46. Kxa7
f4 47. Nb7+ Kd5 48. Na5 f3 49. b5 f2 50. b6 f1=Q 51. b7 Qe1 52. b8=Q 0-1

[Event "SR 2. liga A 2010/2011"]
[Site "?"]
[Date "2010.12.04"]
[Round "18.5"]
[White "Sturdik, Igor"]
[Black "Farkas, Vladimir"]
[Result "1-0"]
[WhiteElo "2071"]
[BlackElo "1946"]
[PlyCount "109"]
[EventDate "2010.??.??"]
[WhiteTeam "Slovakia"]
[BlackTeam "II"]
[WhiteTeamCountry "SVK"]
[BlackTeamCountry "SVK"]

1. e4 d6 2. d4 Nf6 3. Nc3 g6 4. Be3 Bg7 5. Qd2 Ng4 6. Bg5 h6 7. Bh4 g5 8. Bg3
e5 9. Nf3 Nc6 10. d5 Ne7 11. h4 f6 12. Be2 Ng6 13. hxg5 fxg5 14. Nh2 Nf6 15.
Nf1 Nf4 16. Ne3 a6 17. O-O-O Qe7 18. f3 N6h5 19. Bf2 Nxe2+ 20. Nxe2 Nf4 21. Ng3
Qf7 22. Rh2 Bf8 23. Rdh1 Bg7 24. c4 b6 25. Ngf5 Qf8 26. Kc2 Ng6 27. g4 Nf4 28.
Bg3 Qf6 29. Qc3 Bf8 30. b3 Kf7 31. Bxf4 exf4 32. Nd1 Bxf5 33. exf5 Re8 34.
Qxf6+ Kxf6 35. Nc3 Re3 36. Ne4+ Rxe4 37. fxe4 Bg7 38. Kd3 Ke5 39. Rh3 Kf6 40.
b4 Ke7 41. Rc1 Kd7 42. Rc2 c5 43. dxc6+ Kxc6 44. Ke2 Bf8 45. Rd2 Rh7 46. Rd5
Re7 47. Kf3 Rh7 48. e5 dxe5 49. Rxe5 Rd7 50. b5+ axb5 51. cxb5+ Kc7 52. Ke4 Rd1
53. f6 Kd6 54. Kf5 Rd2 55. Re8 1-0